01641nam a2200313 a 4500999001700000005001700017008004100034020002800075020002700103040002700130041000800157044000700165082002100172100004100193245013000234260008600364300008400450490005800534500020000592500002300792500004500815504004200860650007500902650005900977700006001036700006201096942001501158952015401173 c20262d2026220180802145529.0180723s2017 ck ao|||r|||| 00| 0 spa d a9789585620452 (impreso) a9789585620469 (digtal) aCO-BoIAVH cCO-BoIAVH 0 aspa ack04a598.098614bC83f1 aCortés Rico, José Camiloetextos10aGuía ilustrada de aves / cJosé Camilo Cortés Rico, José Oswaldo Cortés Herrera y Daira Ximena Villagrán Chavarro aBogotá (Colombia) : bEmpresa de Acueducto y Alcantarillado de Bogotá,c2017. a106 páginas : bilustraciones a color y fotografías a color ; c28 x 22 cm. aFauna de las reservas naturales de la sociedad civil. aFauna de las reservas naturales de la sociedad civil: desarrollo de criterios de declaratoria de reservas naturales de la sociedad civil y formulación e implementación de sus planes de manejo aProyecto páramos aIncluye índice de especies y glosario. aIncluye referencias bibliográficas.26aAvesxIdentificaciónzCundinamarca (Departamento, Colombia)vGuías26aPáramosxAveszCundinamarca (Departamento, Colombia)1 aCortés Herrera, José Oswaldoetextosefotografías1 aVillagrán Chavarro, Daira Ximenaetextosefotografías 2ddccLIBRO 00102ddc40708GENERALIINV2018aBogotabBogotad2018-07-23l0oLB-598.098614 C83fp030245r2018-07-23 00:00:00tEj. 1w2018-07-23xDonacionyLIBRO